10 największych miast w pomorskim - Statystyki

Ogólne statystyki
  • Ten quiz został rozwiązany 237 razy
  • Średni wynik to 6 z 10
Statystyki odpowiedzi
Liczba ludności Miasto % Poprawnych
468 158 Gdańsk
100%
246 244 Gdynia
100%
90 769 Słupsk
69%
49 652 Wejherowo
63%
38 465 Malbork
62%
60 120 Tczew
59%
47 775 Starogard Gdański
50%
39 890 Chojnice
48%
49 160 Rumia
45%
38 444 Kwidzyn
36%
Nie znaleziono quizów pasujących do podanych kryteriów
Rozkład punktacji
Procent ludzi z każdym wynikiem
Percentyl według liczby udzielonych odpowiedzi
Twoja historia wyników
Nie rozwiązałeś tego quizu